Historia secreta de Costaguana (Registro nro. 3504)

Detalles MARC
000 - LÍDER
campo de control de longitud fija 00861nam a2200277 i 4500
005 - FECHA Y HORA DE LA ÚLTIMA TRANSACCIÓN
campo de control 20210727153150.0
007 - DESCRIPCIÓN FÍSICA CAMPO FIJO - INFORMACIÓN GENERAL
campo de control de longitud fija ta
008 - ELEMENTOS DE DATOS DE LONGITUD FIJA - INFORMACIÓN GENERAL
campo de control de longitud fija 200428s2001 ck gr 000 f spa d
020 ## - INTERNATIONAL STANDARD BOOK NUMBER
International Standard Book Number 9789587045437
040 ## - FUENTE DE CATALOGACIÓN
Agencia de catalogación original CO-BoRNBP
Lenguaje de catalogación spa
Agencia de transcripción CO-BoRNBP
Descripción convenciones rda
041 0# - CÓDIGO DE LENGUAJE
Código de idioma de texto / pista de sonido o título separado spa
084 ## - OTRO NÚMERO DE CLASIFICACIÓN
Número de clasificación N VAS3
100 1# - ENTRADA PRINCIPAL - NOMBRE PERSONAL
Nombre de la persona Vásquez, Juan Gabriel
Fechas asociadas a un nombre 1973-
Término del Relator autor
245 10 - TÍTULO DECLARACIÓN
Título Historia secreta de Costaguana
Declaración de responsabilidad Juan Gabriel Vásquez
250 ## - DECLARACIÓN DE EDICIÓN
Sentencia de edición Primera edición
264 #1 - AVISO DE PRODUCCIÓN, PUBLICACIÓN, DISTRIBUCIÓN, FABRICACIÓN Y DERECHOS DE AUTOR
Lugar de producción Bogotá
Nombre del productor Alfaguara
Fecha de producción 2001
300 ## - DESCRIPCIÓN FÍSICA
Alcance 289 páginas
Dimensiones 19 cm
336 ## - TIPO DE CONTENIDO
Tipo de contenido texto
Código de tipo de contenido txt
Fuente rdacontent
337 ## - TIPO DE MEDIO
Término del tipo de medio sin mediación
Código de tipo de medio n
Fuente rdamedia
338 ## - TIPO DE PORTADOR
Término del tipo de operador volumen
Código de tipo de operador nc
Fuente rdacarrier
650 17 - ENTRADA DE SUJETO AÑADIDO - TÉRMINO TÓPICO
Término tópico o elemento de entrada del nombre geográfico Novela colombiana
Subdivisión cronológica Siglo XX
Fuente del título o término ARMARC
650 17 - ENTRADA DE SUJETO AÑADIDO - TÉRMINO TÓPICO
Término tópico o elemento de entrada del nombre geográfico Literatura colombiana
Subdivisión cronológica Siglo XX
Fuente del título o término ARMARC
650 17 - ENTRADA DE SUJETO AÑADIDO - TÉRMINO TÓPICO
Término tópico o elemento de entrada del nombre geográfico Historias de aventuras
Subdivisión de forma Novela
Fuente del título o término ARMARC
650 17 - ENTRADA DE SUJETO AÑADIDO - TÉRMINO TÓPICO
Término tópico o elemento de entrada del nombre geográfico Imaginación
Subdivisión de forma Novela
Fuente del título o término ARMARC
942 ## - ELEMENTOS DE ENTRADA AGREGADOS (KOHA)
Fuente de clasificación o esquema de estanterías
Tipo de artículo Koha Literartura
Existencias
Estado de retirada Pérdida de estatus Fuente de clasificación o esquema de estanterías Estado dañado No para préstamo Código de recogida Ubicación permanente Ubicación actual Ubicación de las estanterías Fecha de adquisición Fuente de adquisición Total de Cajas Número Topográfico Código de barras Precio efectivo desde Número de copia Fecha de la última vez que se vio Tipo de artículo Koha
    Dewey Decimal Classification     General Biblioteca Pública Municipal Isaías Naranjo Ríos Biblioteca Pública Municipal Isaías Naranjo Ríos Área General 09/10/2012 Dotación ministerio de cultura   N VAS3 API01 - 2557 04/10/2024 Ej. 1 04/10/2024 Literartura